Quiz vocabulaire halloween - Statistiques

Statistiques générales
  • Ce quiz a été pris 295 fois
  • Le résultat moyen est 10 sur 14
Statistiques - réponses
Hint Réponse % Correct
sang blood
95%
mort dead
93%
vampire vampire
91%
fantôme ghost
86%
sorcière witch
86%
chateau castle
82%
couteau knife
82%
citrouille pumpkin
75%
squelette skeleton
65%
loup garou werewolf
58%
tombe grave
42%
toile d'araignée spider web
41%
cercueil coffin
28%
frapper avec un couteau stab
26%
Aucun quiz correspondant
Distribution des résultats
% des personnes avec chaque résultat
Percentile par nombre de réponses
Votre historique - résultats
Vous n’avez pas pris ce quiz